Tout les personnages Monster High - Statistiques

Statistiques générales
  • Ce quiz a été pris 124 fois
  • Le résultat moyen est 32 sur 121
Statistiques - réponses
Espèces Réponse animaux Première apparition % Correct
Vampire Draculaura Comte Fabulous Dessin animé
90%
Momie Cleo de Nile Hissette Dessin animé
88%
Loup-Garou Clawd Wolf Rockseena Dessin animé
84%
Monstre d'eau Lagoona Blue Neptuna Dessin animé
79%
Loup-Garou Clawdeen Wolf Croissant Dessin animé
78%
Gargouille Rochelle Goyle / Escape From Skull Shores
78%
Plante Venus McFlytrap / Why Do Ghouls Fall in Love?
76%
Momie Nefera de Nile Azura Dessin animé
73%
Chat-garou Toralei Stripe Sweet Fangs Dessin animé
71%
Loup-Garou Howleen Wolf Coussin Dessin animé
70%
dragon Jinafire Long / Scaris : City of Frights
68%
Gorgone Deuce Gorgon Perseus Dessin animé
66%
Simulacre Frankie Stein Watzit Dessin animé
66%
Monstre d'eau Gil Weber / Dessin animé
64%
Fantôme Spectra Vondergeist Rhuen Dessin animé
63%
Zombie Ghoulia Yelps Monsieur Hulule Dessin animé
59%
squelette Skelita Calaveras / Scaris : City of Frights
59%
Hominidés Abbey Bominable Shiver Dessin animé
56%
Genie Gigi Grant Sultan Sting 13 Souhaits
55%
Fantôme Operetta Memphis Dessin animé
54%
Robot Robecca Steam Captaine Penny Dessin animé
53%
Loup-Garou Clawdia Wolf / Dessin animé
49%
Élémentaire Thomas Cramé / Dessin animé
49%
Hybride Neightan Rot / Freaky Fusion
46%
Chat-Garou Catty Noir / 13 Souhaits
45%
Vampire Elissabat / Frights, Camera, Action!
45%
gorgone Viperine Gorgon / Frights, Camera, Action!
44%
Croque-mitaine Twyla Boogeyman Dustin 13 Souhaits
43%
Minotaure Manny Taur / Dessin animé
41%
Élémentaire Holt Hyde Crossfade Dessin animé
40%
Cyclope Iris Clops / Dessin animé
40%
Humain Jackson Jekyll Crossfade Dessin animé
40%
Chat-garou Purrsephone / Dessin animé
39%
Hybride Bonita Femur / Freaky Fusion
38%
Chat-garou Catrine DeMew / Scaris : City of Frights
38%
Chat-garou Meowlody / Dessin animé
38%
Fantôme Scarah screams / Dessin animé
38%
Vampire Kieran Valentine / Why Do Ghouls Fall in Love?
36%
Hybride Sirena Von Boo / Freaky Fusion
35%
Arthropodes Luna Mothews / Boo York, Boo York
34%
Genie Whisp / 13 Souhaits
34%
Robot Elle Eedee / Boo York, Boo York
33%
Monstre d'eau Honey Swamp / Frights, Camera, Action!
33%
Fantôme Porter Geiss Huebert Haunted
31%
Élémentaire C.A. Cupid Chewlian Why Do Ghouls Fall in Love?
29%
Momie Ramsès de Nile / Boo York, Boo York
29%
Fantôme Vandala Doubloons Aye Haunted
28%
Hydre Pearl Serpentine / Great Carrier Reef
26%
Hydre Peri Serpentine / Great Carrier Reef
26%
Fantôme River Styxx Cawtion Haunted
26%
Simulacre Bruno Vaudou / Dessin animé
25%
Cerf Isi Dawndancer / Dessin animé
25%
Monstre de la jungle Jane Boolittle Needles Dessin animé
25%
Kraken Kala Mer'ri / Great Carrier Reef
25%
Fantôme Kiyomi Haunterly / Haunted
25%
Alien Astranova / Boo York, Boo York
24%
Hybride Avea Trotter / Freaky Fusion
24%
Magicienne Casta Fierce / inconnue
21%
Fantôme Invisi Billy / Dessin animé
21%
Fantôme Johnny Spirit / Dessin animé
21%
Plante Amanita Nightshade / Dessin animé
20%
Zombie Grotoumou / Dessin animé
20%
Gargouille Garrott du Roque / Scaris : City of Frights
19%
Monstre d'eau Lorna McNessie / Dessin animé
19%
Rat-Garou Mouscedes King / Boo York, Boo York
19%
Momie Seth Ptolémée / Dessin animé
19%
Arthropodes Wydowna Spider Shoo 13 Souhaits
19%
Slime Gooliope Jellington / Dessin animé
18%
Monstre d'eau Posea Reef / Great Carrier Reef
18%
Vampire Batsy Claro / Dessin animé
15%
Vampire Gory Fangtell / Dessin animé
15%
Hominidés Marisol Coxi / Dessin animé
15%
Humaine Claire / Ghouls Rules
14%
Humain Victor Frankenstein / Freaky Fusion
13%
Faune Fawn / 13 Souhaits
11%
Biche de Cérynie Gilda Goldstag / Dessin animé
11%
Sans tête Mme La proviseure Santête Cauchemar Dessin animé
10%
Momie Amuncommon Ptolémée / Boo York, Boo York
9%
Azura
9%
Comte Fabulous
9%
Croissant
9%
Troll Kjersti Trollson / Dessin animé
9%
Cauchemar
6%
Shiver
6%
Captaine Penny
5%
Chewlian
5%
Humain Hexiciah Steam / Frights, Camera, Action!
5%
Hissette
5%
Humain M. Charcuteur / Dessin animé
5%
Memphis
5%
Neptuna
5%
Loup-Garou Romulus / Dessin animé
5%
vampire Stoker / Frights, Camera, Action!
5%
Vampire Thad / Ghouls Rules
5%
Watzit
5%
Coussin
4%
Dustin
4%
Monstre d'eau Finnegan wake / Dessin animé
4%
Fantôme Moanatella Ghostier / Haunted
4%
Monsieur Hulule
4%
Perseus
4%
Harpie Quill Talyntino / Dessin animé
4%
Rhuen
4%
Rockseena
4%
Sweet Fangs
4%
Aye
3%
Crossfade
3%
Monstre d'eau Grimmily Anne McShmiddlebopper / Dessin animé
3%
Humaine Lilith Van Hellscream / Ghouls Rules
3%
Needles
3%
Gargouille Rocco / Friday Night Frights
3%
Cyclope Simon Clops / Dessin animé
3%
Sultan Sting
3%
Arthropodes Buzz Wingman / Dessin animé
1%
Cawtion
1%
Gobelin Herbert East / Dessin animé
1%
Huebert
1%
Magicienne Kindergrubber / Dessin animé
1%
Gobelin Lothar / Dessin animé
1%
Ogre Ogrethor / Dessin animé
1%
Shoo
1%
Aucun quiz correspondant
Distribution des résultats
% des personnes avec chaque résultat
Percentile par nombre de réponses
Votre historique - résultats
Vous n’avez pas pris ce quiz